000 00571nam a2200181 4500
008 160707b xxu||||| |||| 00| 0 eng d
020 _a0-7637-3768-2
020 _a978-0-7637-3768-9
082 _22006
_aDC 512.7
_bR53b
100 _910925
_aRobbins, Neville
245 _aBeginning number theory/
_cNeville Robbins.
250 _a2nd Edition
260 _aSudbury, Mass.:
_bJones and Bartlett Pub.,
_cc2006.
300 _axi, 338 pages;
_c24 cm.
500 _aIncludes bibliographical references and index.
650 0 _910926
_aNumber theory
942 _2ddc
_cDC
999 _c3274
_d3274